MARC details
| 000 -LEADER |
| campo de control de longitud fija |
01665nas a2200337 i 4500 |
| 001 - NÚMERO DE CONTROL |
| campo de control |
1914 |
| 003 - IDENTIFICADOR DE NÚMERO DE CONTROL |
| campo de control |
ES-MaACL |
| 005 - FECHA Y HORA DE LA ÚLTIMA TRANSACCIÓN |
| campo de control |
20250329000410.0 |
| 008 - DATOS DE LONGITUD FIJA--INFORMACIÓN GENERAL |
| campo de control de longitud fija |
950801c1940 sp t| p o| ||pa d |
| 022 ## - NÚMERO INTERNACIONAL NORMALIZADO PARA PUBLICACIONES SERIADAS |
| Número Internacional Normalizado para Publicaciones Seriadas |
0034-8341 |
| 080 ## - NÚMERO DE LA CLASIFICACIÓN DECIMAL UNIVERSAL |
| Número de la Clasificación Decimal Universal |
970/980 |
| 245 00 - MENCIÓN DEL TÍTULO |
| Título |
Revista de Indias / |
| Mención de responsabilidad, etc. |
Consejo Superior de Investigaciones Científicas, Patronato "Menéndez y Pelayo", Instituto Gonzalo Fernández de Oviedo ; [dir., Antonio Ballesteros-Beretta]. |
| 260 ## - PUBLICACIÓN, DISTRIBUCIÓN, ETC. |
| Lugar de publicación, distribución, etc. |
Madrid : |
| Nombre del editor, distribuidor, etc. |
Consejo Superior de Investigaciones Científicas, |
| Fecha de publicación, distribución, etc. |
1940- |
| 300 ## - DESCRIPCIÓN FÍSICA |
| Extensión |
127 v. ; |
| Dimensiones |
25 cm. |
| 310 ## - PERIODICIDAD ACTUAL |
| Periodicidad actual |
Cuatrimestral, 1989- |
| 362 0# - FECHAS DE PUBLICACIÓN Y/O DESIGNACIÓN SECUENCIAL |
| Fecha de publicación y/o designación secuencial |
Año 1, n. 1 (1940)- |
| 505 8# - NOTA DE CONTENIDO CON FORMATO |
| Nota de contenido con formato |
Contiene: El Ateneo de Madrid y el problema colonial en las vísperas de la guerra de independencia cubana / Luis Miguel García Mora, 1996, v. 56, n. 207, p. 429-449 |
| 530 ## - NOTA DISPONIBLE DE FORMULARIO FÍSICO ADICIONAL |
| Nota de formato físico adicional disponible |
Disponible en formato digital desde 1985, v. 45, n. 175. |
| 555 ## - NOTA DE ÍNDICE ACUMULATIVO U OTROS INSTRUMENTOS BIBLIOGRÁFICOS |
| Nota de índice acumulativo u otros instrumentos bibliográficos |
n. 1-50 en n. 52-53 ; n. 51-114 ; 1940-1992. |
| 651 #4 - PUNTO DE ACCESO ADICIONAL DE MATERIA--NOMBRE GEOGRÁFICO |
| Nombre geográfico |
América Latina- |
| Subdivisión general |
Historia. |
| 9 (RLIN) |
7747 |
| 655 #7 - TERMINO DE INDIZACIÓN--GENERO/FORMA |
| Fuente del término |
tgfbne |
| 9 (RLIN) |
226866 |
| Datos o término principal de género/forma |
Revistas |
| 700 1# - ENTRADA AGREGADA--NOMBRE PERSONAL |
| Nombre de persona |
Ballesteros Beretta, Antonio, |
| Fechas asociadas al nombre |
1880-1949 |
| 9 (RLIN) |
25050 |
| 700 1# - ENTRADA AGREGADA--NOMBRE PERSONAL |
| Nombre de persona |
García Mora, Luis Miguel. |
| 9 (RLIN) |
54983 |
| 710 2# - ENTRADA AGREGADA--NOMBRE DE ENTIDAD CORPORATIVA |
| Nombre de entidad corporativa o nombre de jurisdicción como elemento de entrada |
Consejo Superior de Investigaciones Científicas (España) |
| 9 (RLIN) |
3236 |
| 740 32 - ENTRADA AGREGADA--TÍTULO RELACIONADO/ANALÍTICO NO CONTROLADO |
| Título relacionado o analítico no controlado |
El Ateneo de Madrid y el problema colonial en las vísperas de la guerra de independencia cubana. |
| 852 4# - LOCALIZACIÓN |
| Ubicación |
ES-MaACL |
| Número de control de estantería |
Hem-1758 |
| Encuadernación |
Hem-2007 |
| 856 4# - LOCALIZACIÓN Y ACCESO ELECTRÓNICOS |
| Identificador Uniforme de Recursos |
<a href="http://revistadeindias.revistas.csic.es/index.php/revistadeindias">http://revistadeindias.revistas.csic.es/index.php/revistadeindias</a> |
| Nota pública |
Revista de Indias |
| 866 #0 - MENCIÓN TEXTUAL DE FONDOS--UNIDAD BIBLIOGRÁFICA BÁSICA |
| Fondos |
1940-54(1955f.n.62)1956(1957) (1958f.n.73-74)1959 (1960f.n.81-82),1961-2011. |
| Nota pública |
Se interrumpe su recepción |
| 942 ## - ELEMENTOS DE ENTRADA SECUNDARIOS (KOHA) |
| Fuente del sistema de clasificación o colocación |
Clasificación decimal universal |
| Tipo de ítem Koha |
Revista |